| 000 | 01238nam0a2200289 4500 | ||
|---|---|---|---|
| 001 | RU\NLR\BIBL_A\012769269 | ||
| 005 | 20250624151136.0 | ||
| 035 | _a(NLR Aleph) 012769269 | ||
| 090 |
_a13087517 _c13087517 |
||
| 100 | _a20220421d1936 |||y0rusy50 ca | ||
| 101 | 0 | _aukr | |
| 102 | _aRU | ||
| 105 | _ay|||a|||000zy | ||
| 181 | 0 |
_ai _baxxe |
|
| 182 | 0 | _an | |
| 200 | 1 |
_aЩо читати учням влiтку _fНародний комiсарiат освiтi УСРР, Бiблiотека Харкiвського палацу пiонерiв i жовтенят iмени П.П. Постишева _g[склали Р. Гуревiч, Г. Гольдберг] |
|
| 203 |
_aТекст _bвизуальный _cнепосредственный |
||
| 210 |
_aХаркiв _cДитвидав ЦК ЛКСМУ _d1936 |
||
| 215 |
_a22, [1] с. _d22 |
||
| 702 | 1 |
_aГуревiч _bР. Б. _4220 |
|
| 712 | 0 | 2 |
_4220 _7ca _8ukr _aХаркiвський обласний палац пiонерiв i жовтенят iм. П. П. Постишева _bБiблiотека _9788027 _3RU\NLR\AUTH\880560399 |
| 852 |
_aNLR _j541/Щ-93 |
||
| 942 | _cBOOK | ||
| 980 | _aNB | ||